|
|
|
|
| LEADER |
00000cam a2200000 7i4500 |
| 001 |
0000003695 |
| 005 |
20080529.0 |
| 020 |
0 |
0 |
|a 9836261621
|
| 090 |
0 |
0 |
|a R 297.03 (Jilid 10-12)
|b ENS
|
| 245 |
1 |
0 |
|a Ensiklopedia Islam safir
|c penterjemah Hassan Basri bin Awang Mat Dahan ... [et al.]
|
| 260 |
0 |
0 |
|a Kuala Lumpur :
|b Dewan Bahasa dan Pustaka ,
|c 2000
|
| 300 |
|
|
|a jil. :
|b il. wrn. ;
|c 30cm.
|
| 500 |
0 |
0 |
|a Jilid 10-12
|
| 500 |
0 |
0 |
|a Mengandungi ayat-ayat dari Quran
|
| 650 |
0 |
0 |
|a Islam
|x Encyclopedias
|
| 700 |
1 |
1 |
|a Hassan Basri bin Awang Mat Dahan
|
| 999 |
|
|
|a 007289
|b Monograph
|c Open Shelf
|e Default branch
|